Desde el gobierno abierto al estado abierto en América Latina y el Caribe

Na minha lista:
Detalhes bibliográficos
Principais autores: Naser, Alejandra (autora), Ramírez-Alujas, Alvaro (Autor), Rosales, Daniela (Autor)
Formato: Livro
Idioma:espanhol
Publicado em: Santiago Comisión Económica para América Latina y el Caribe 2017
Edição:1a. ed
coleção:Planificación para el Desarrollo, 144
Assuntos:
Tags: Adicionar Tag
Sem tags, seja o primeiro a adicionar uma tag!

MARC

LEADER 00000cam a2200000 a 4500
001 UCD9547
003 CL-VaPUC
008 170626e20170000cl |||||||||||||||||spa|d
020 |a 9789211219494 
082 0 4 |a 351.0073  |b NAS  |2 21 
100 |a Naser, Alejandra  |e autora  |9 593214 
700 0 |a Ramírez-Alujas, Alvaro  |e author  |9 593215 
700 0 |a Rosales, Daniela  |e author  |9 593216 
245 1 0 |a Desde el gobierno abierto al estado abierto en América Latina y el Caribe 
250 |a 1a. ed 
300 |a 457 p 
942 |c BK 
945 |d 20170626 01:10:00  |a arojas 
260 |a Santiago  |b Comisión Económica para América Latina y el Caribe  |c 2017 
650 0 |a Desarrollo sostenible   |9 537755 
650 0 |a Gestión pública  |9 388888 
650 0 |a Administración pública   |9 255343 
651 0 |a América Latina   |9 255027 
583 |a last modification  |c 20170626 01:10:00  |k Rodrigo Vera 
490 0 |a Planificación para el Desarrollo, 144 
999 |c 368675  |d 368673 
952 |0 0  |1 0  |3 erb  |4 0  |6 351_007300000000000_NAS_2017  |7 0  |8 A  |9 484076  |a BIBDER  |b BIBDER  |i 539970K  |o 351.0073 NAS 2017  |p 539970K  |r 2023-01-25  |w 2019-11-24  |y BK  |z Catalogado en:20170626  |k DER